000 00853nam a2200253Ia 4500
003 OSt
005 20220930191056.0
006 a|||||r|||| 00| 0
007 ta
008 220926b |||||||| |||| 00| 0 eng d
024 _a8444
037 _cDissertations
040 _aCRL
_cCRL
_beng
041 _2eng
_aeng
100 _aAgarwal Brij Bhushan
_9559709
110 _aUniversity of Delhi. Faculty of Medical Sciences. Department of Surgery
245 0 _aUse of antibiotics locally in the prevention and management of post operative wound infection
260 _c1986
650 _aSURGERY
700 _a Dr Narinder Singh Supervisor
_9521592
700 _aUniversity of Delhi. Faculty of Medical Sciences. Department of Surgery
942 _cDIS
_2CC
999 _c893491
_d893491